01040nam a22002537a 450000500170000000800410001702000150005804000070007304100080008008200220008810000300011024500620014026000370020230000300023936500240026952003270029365000220062065000290064265000230067165000300069470000310072494200120075599900190076720211124150801.0211124b ||||| |||| 00| 0 eng d a8187966289 cAL aeng 223a359.790bPALR aPrabhakaran Paleri910819 aRole of the Coast Guard in the Maritime Security of India aNew DelhibKnowledge Worldc2004 axii,377 p.bHBc24x16 cm. b650.00c₹d650.00 aBook Summary of Role Of The Coast Guard In The Maritime Security Of India The coastguards have the capability to elevate the maritime standing of a littoral state in today's world, and also, to build international goodwill by cooperative engagement in humaritarian activities, and international law and treaty obligations. aSea Forces910820 aNational Security910821 aBlue Waters910822 aIndian Coast Guard910823 aPALERI (Prabhakarn)910824 2ddccGF c220764d220764